Catálogo

¿QUE ES EL HOMBRE? : (Registro nro. 55677)

Detalles MARC
000 -LEADER
fixed length control field 01081nam a2200217 a 4500
001 - CONTROL NUMBER
control field 55677
005 - DATE AND TIME OF LATEST TRANSACTION
control field 20180714051104.0
008 - FIXED-LENGTH DATA ELEMENTS--GENERAL INFORMATION
fixed length control field 140415s1976 sp 000 0 spa d
020 ## - INTERNATIONAL STANDARD BOOK NUMBER
International Standard Book Number 9788425410383
041 ## - LANGUAGE CODE
Language code of text/sound track or separate title spa
082 ## - DEWEY DECIMAL CLASSIFICATION NUMBER
Classification number 128
Item number COR
100 1# - MAIN ENTRY--PERSONAL NAME
Personal name CORETH, EMERICH
245 10 - TITLE STATEMENT
Title ¿QUE ES EL HOMBRE? :
Remainder of title ESQUEMA DE UNA ANTROPOLOGIA FILOSOFICA
250 ## - EDITION STATEMENT
Edition statement 1a ed.
260 ## - PUBLICATION, DISTRIBUTION, ETC.
Place of publication, distribution, etc. ESPAÑA :
Name of publisher, distributor, etc. HERDER,
Date of publication, distribution, etc. 1976
300 ## - PHYSICAL DESCRIPTION
Extent 180
Dimensions 14 x 1.5 x 21.1
520 ## - SUMMARY, ETC.
Summary, etc. LA ANTROPOLOGIA SE PROPONE DAR UNA TEORIA COHERENTE DEL SER HUMANO Y SUS ATRIBUTOS. LA ANTROPOLOGIA DE CORETH, DE CORTE NEOESCOLASTICO, SE CONFRONTA CON EL PROBLEMA DE LA PLURALIDAD DE PLANTEAMIENTOS CIENTIFICOS Y CON LAINELUDIBLE UNIDAD DE LA PERSPECTIVA TIPICAMENTE FILOSOFICA: MAS EN CONCRETO, INTENTA UNA REINTERPRETACION, DESDE LA MODERNIDAD, DE LA TEMATICA CLASICA SOBRE EL SER HUMANO QUE SURGE EN PLATON Y ARISTOTELES Y QUE SE CONTINUA A TRAVES DE LA FILOSOFIA OCCIDENTAL HASTA NUEST
650 14 - SUBJECT ADDED ENTRY--TOPICAL TERM
Topical term or geographic name entry element ANTROPOLOGIA FILOSOFICA
700 1# - ADDED ENTRY--PERSONAL NAME
Personal name GANCHO, CLAUDIO
Relator term tr.
740 ## - ADDED ENTRY--UNCONTROLLED RELATED/ANALYTICAL TITLE
Uncontrolled related/analytical title WAS IS DER MENSCH?
Existencias
Withdrawn status Lost status Source of classification or shelving scheme Damaged status Not for loan Collection code Home library Current library Shelving location Date acquired Source of acquisition Inventory number Total Checkouts Full call number Barcode Date last seen Price effective from Koha item type
    Dewey Decimal Classification     General Centro de Estudios en Ciencia y Religión Centro de Estudios en Ciencia y Religión Sala general 03/12/2013 Compra 151000000000000000078013   128 COR 83502 05/01/2026 20/11/2015 Libro